01006cam a22003011i 45000010008000000030004000080050017000120080041000290100017000700150015000870350019001020400028001210420012001490430021001610500017001820820016001991000030002152450125002452600038003703000024004085040030004326500040004626510035005029060045005379420012005829990015005949520095006099816789OSt20230620113320.0770323s1956 xx 000 0 eng  aa 58005533  aGB56-12789 a(OCoLC)2827609 aDLCcOUdCaSRUdUkdDLC apremarc ae-uk---ae-uk-en00aDA125.A1bC3 a320.53bCAR1 aCarey, Alexander Timothy.10aColonial students,ba study of the social adaptation of colonial students in London.cWith a pref. by Kenneth L. Little. aLondon,bSecker & Warburg,c1956. axii. 267 p.c22 cm. aBibliography: p. 265-267. 0aStudents, ForeignzEnglandzLondon. 0aGreat BritainxRace relations. a7bcbccoclcrplduencipf19gy-gencatlg 2ddccBK c1650d1650 00102ddc4070a002b002d2023-06-20l0o320.53 CARp10000749r2023-06-20w2023-06-20yBK